MARC details
| 000 -LEADER |
| campo de control de longitud fija |
00862cac a2200241 a 4500 |
| 003 - IDENTIFICADOR DE NÚMERO DE CONTROL |
| campo de control |
Co-PeBPM |
| 005 - FECHA Y HORA DE LA ÚLTIMA TRANSACCIÓN |
| campo de control |
20260420115658.0 |
| 008 - DATOS DE LONGITUD FIJA--INFORMACIÓN GENERAL |
| campo de control de longitud fija |
231129s1981||||ck ||||||||||||| ||spa|| |
| 020 ## - NÚMERO INTERNACIONAL ESTÁNDAR DEL LIBRO |
| Número Internacional Estándar del Libro |
8424921690 |
| 040 ## - FUENTE DE CATALOGACIÓN |
| Centro catalogador/agencia de origen |
CO-PeBPM |
| Lengua de catalogación |
spa |
| Centro/agencia transcriptor |
CO-PeBPM |
| Normas de descripción |
rda |
| 041 ## - CÓDIGO DE IDIOMA |
| Código de lengua del texto/banda sonora o título independiente |
spa |
| 082 04 - NÚMERO DE LA CLASIFICACIÓN DECIMAL DEWEY |
| Número de clasificación |
182 K59f |
| Número de edición |
22 |
| 100 ## - ENTRADA PRINCIPAL--NOMBRE DE PERSONA |
| Nombre de persona |
Kirk, G.S. |
| Término indicativo de función/relación |
autor |
| 245 10 - MENCIÓN DEL TÍTULO |
| Título |
Los filosofos presocraticos |
| Resto del título |
: Historia critica con selección de textos |
| Mención de responsabilidad, etc. |
/ G.S. Kirk y J.E. Raven; traducción Jesús García Fernández |
| 250 ## - MENCION DE EDICION |
| Mención de edición |
Tercera reimpresión |
| 264 ## - PRODUCCIÓN, PUBLICACIÓN, DISTRIBUCIÓN, FABRICACIÓN Y COPYRIGHT |
| Producción, publicación, distribución, fabricación y copyright |
Madrid, España |
| Nombre del de productor, editor, distribuidor, fabricante |
: Gredos |
| Fecha de producción, publicación, distribución, fabricación o copyright |
, 1981 |
| 300 ## - DESCRIPCIÓN FÍSICA |
| Extensión |
686 páginas |
| Dimensiones |
18 cm. |
| 490 ## - MENCIÓN DE SERIE |
| Mención de serie |
Biblioteca Hispánica de Filosofía |
| 500 ## - NOTA GENERAL |
| Nota general |
Incluye índice al final del texto |
| 500 ## - NOTA GENERAL |
| Nota general |
Contiene bibliografía al final del texto |
| 650 17 - PUNTO DE ACCESO ADICIONAL DE MATERIA--TÉRMINO DE MATERIA |
| Término de materia o nombre geográfico como elemento de entrada |
Filósofos presocráticos |
| Fuente del encabezamiento o término |
LEMB |
| 942 ## - ELEMENTOS DE ENTRADA SECUNDARIOS (KOHA) |
| Fuente del sistema de clasificación o colocación |
Clasificación Decimal Dewey |
| Tipo de ítem Koha |
Libros |